| 000 | 00681nam a22002177a 4500 | ||
|---|---|---|---|
| 005 | 20151015125656.0 | ||
| 008 | 151015b sp||||| |||| 00| 0 spa d | ||
| 020 | _a9788433975003 | ||
| 050 | 0 | 4 |
_aND623.T5 _bC35 2009 |
| 100 | 1 | _aCalasso, Roberto | |
| 245 | 1 | 3 |
_aEl rosa Tiepolo / _broberto Calasso ; Traducción de Edgardo Dobry |
| 250 | _a1a ed. | ||
| 260 |
_aMéxico : _bEditorial Anagrama, _c2009 |
||
| 300 |
_a307 p. : _bil. ; _c22 cm. |
||
| 440 | 0 |
_aPanoramas de narrativas ; _v718 |
|
| 500 | _aTraducción de : Il rosa Tiepolo | ||
| 504 | _aIncluye indice | ||
| 600 | 1 | 4 |
_aTiepolo, Giovanni Battista, _d1696-1770 |
| 700 | 1 |
_aDobry, Edgardo, _qtr. |
|
| 942 |
_2lcc _cLIB |
||
| 999 |
_c104528 _d104528 |
||